[Event "Yinzhou Cup CHN-USA Rapid"]
[Site "Ningbo CHN"]
[Date "2013.07.25"]
[Round "1.2"]
[White "Shankland, Samuel L"]
[Black "Lu, Shanglei"]
[Result "0-1"]
[WhiteTitle "GM"]
[BlackTitle "GM"]
[WhiteElo "2599"]
[BlackElo "2536"]
[WhiteTeam "USA"]
[BlackTeam "CHN"]
[WhiteFideId "2004887"]
[BlackFideId "8603332"]
[EventDate "2013.07.25"]

1. d4 f5 2. Bg5 c6 3. Nd2 h6 4. Bh4 g5 5. e3 Nf6 6. Bg3 Bg7 7. h4 d6 8. Bd3 g4
9. h5 O-O 10. Ne2 Nd5 11. Bc4 Be6 12. e4 fxe4 13. Nxe4 Nd7 14. Qd2 Bf5 15. Bd3
N7f6 16. Nxf6+ Rxf6 17. Bh4 Rf7 18. Bxf5 Rxf5 19. c4 Nb6 20. Ng3 Rf7 21. b3 c5
22. O-O cxd4 23. Rae1 Qd7 24. Qd3 e5 25. Qg6 Raf8 26. Re4 Kh8 27. Rxg4 d5 28.
Re1 Rf4 29. f3 dxc4 30. Ne4 Nd5 31. bxc4 Rxg4 32. Qxg4 Qxg4 33. fxg4 Ne3 34. g5
Rf4 35. gxh6 Bxh6 36. Bg5 Bxg5 37. Nxg5 d3 38. Nf7+ Kg8 39. Rxe3 d2 40. Rd3 Rd4
41. Rxd2 Rxd2 42. Nxe5 Rxa2 43. g4 a5 44. g5 a4 45. h6 Re2 46. Nd7 a3 47. Nf6+
Kf7 0-1

[Event "Yinzhou Cup CHN-USA Rapid"]
[Site "Ningbo CHN"]
[Date "2013.07.25"]
[Round "1.4"]
[White "Zhou, Weiqi"]
[Black "Lenderman, Aleksandr"]
[Result "1-0"]
[WhiteTitle "GM"]
[BlackTitle "GM"]
[WhiteElo "2616"]
[BlackElo "2548"]
[WhiteTeam "CHN"]
[BlackTeam "USA"]
[WhiteFideId "8601674"]
[BlackFideId "2021285"]
[EventDate "2013.07.25"]

1. c4 e5 2. Nc3 Nc6 3. g3 g6 4. Bg2 Bg7 5. d3 d6 6. e3 Nf6 7. Nge2 O-O 8. O-O
Be6 9. b3 Qd7 10. Ba3 Bh3 11. Rc1 Rfe8 12. Nd5 Bxg2 13. Kxg2 Nd8 14. Nec3 c6 15.
Nxf6+ Bxf6 16. Ne4 Re6 17. d4 exd4 18. Nxf6+ Rxf6 19. Qxd4 Re6 20. Rfd1 f6 21.
Bxd6 Nf7 22. Ba3 Qxd4 23. Rxd4 Ne5 24. Rcd1 Rae8 25. Bb2 R6e7 26. Rd6 f5 27. h3
Kf8 28. Rd8 Nf7 29. R8d7 c5 30. g4 b6 31. Bf6 Re6 32. g5 h6 33. h4 hxg5 34. hxg5
a5 35. Rh1 Kg8 36. Rhd1 Rxf6 37. gxf6 Re6 38. f4 Rxf6 39. Rb7 Kf8 40. Rdd7 Kg8
41. Kf2 Kf8 42. Ke2 Kg8 43. Kd2 Kf8 44. Kc2 Ke8 45. Re7+ Kf8 46. Rec7 Nd8 47.
Rb8 Rd6 48. Kb2 a4 49. Ka3 1-0

[Event "Yinzhou Cup CHN-USA Rapid"]
[Site "Ningbo CHN"]
[Date "2013.07.25"]
[Round "1.1"]
[White "Abrahamyan, Tatev"]
[Black "Ju, Wenjun"]
[Result "1-0"]
[WhiteTitle "WGM"]
[BlackTitle "WGM"]
[WhiteElo "2316"]
[BlackElo "2531"]
[WhiteTeam "USA"]
[BlackTeam "CHN"]
[WhiteFideId "13301918"]
[BlackFideId "8603006"]
[EventDate "2013.07.25"]

1. e4 c5 2. Nf3 d6 3. d4 cxd4 4. Nxd4 Nf6 5. Nc3 Nc6 6. Bg5 e6 7. Qd2 a6 8.
O-O-O Bd7 9. f3 Be7 10. g4 Qc7 11. Be3 h6 12. Kb1 Rc8 13. h4 Nxd4 14. Bxd4 e5
15. Be3 Be6 16. Nd5 Nxd5 17. exd5 Bd7 18. Bd3 b5 19. Qg2 a5 20. f4 a4 21. fxe5
dxe5 22. Be4 Bd6 23. Rhf1 a3 24. b3 Rf8 25. h5 Bc5 26. Bc1 Be7 27. d6 Bxd6 28.
g5 Be7 29. gxh6 gxh6 30. Bxh6 Qc3 31. Bc1 Bh3 32. Qe2 Bxf1 33. Qxf1 f5 34. Bxf5
Rxf5 1-0

[Event "Yinzhou Cup CHN-USA Rapid"]
[Site "Ningbo CHN"]
[Date "2013.07.25"]
[Round "1.2"]
[White "Foisor, Sabina-Francesca"]
[Black "Wang, Jue"]
[Result "0-1"]
[WhiteTitle "WGM"]
[BlackTitle "WGM"]
[WhiteElo "2281"]
[BlackElo "2399"]
[WhiteTeam "USA"]
[BlackTeam "CHN"]
[WhiteFideId "1212915"]
[BlackFideId "8604070"]
[EventDate "2013.07.25"]

1. d4 Nf6 2. c4 g6 3. Nc3 d5 4. Nf3 Bg7 5. Bg5 Ne4 6. Bh4 Nxc3 7. bxc3 dxc4 8.
Qa4+ Qd7 9. Qxc4 b6 10. Bg3 c5 11. e3 Ba6 12. Qb3 Bxf1 13. Kxf1 O-O 14. Ke2 Nc6
15. Rac1 Na5 16. Qb1 Qd5 17. c4 Qd7 18. dxc5 Rfc8 19. Qb5 Qe6 20. cxb6 axb6 21.
Nd2 Rc5 22. Qa4 Rac8 23. Rhd1 h5 24. h3 Nxc4 25. Nxc4 b5 26. Qb4 Rxc4 27. Rxc4
bxc4 28. Rc1 Qe4 29. Kf1 Qd3+ 30. Kg1 c3 31. Qb3 Qd2 32. Rc2 Qe1+ 33. Kh2 Rd8
34. f3 Qxe3 35. a4 Rd1 36. Rf2 0-1

[Event "Yinzhou Cup CHN-USA Rapid"]
[Site "Ningbo CHN"]
[Date "2013.07.25"]
[Round "1.3"]
[White "Ding, Yixin"]
[Black "Zenyuk, Iryna"]
[Result "1/2-1/2"]
[WhiteTitle "WGM"]
[BlackTitle "CM"]
[WhiteElo "2432"]
[BlackElo "2250"]
[WhiteTeam "CHN"]
[BlackTeam "USA"]
[WhiteFideId "8602972"]
[BlackFideId "2022966"]
[EventDate "2013.07.25"]

1. e4 c5 2. Nf3 Nc6 3. Bb5 g6 4. c3 Nf6 5. Qe2 Bg7 6. O-O O-O 7. d3 a6 8. Ba4 b5
9. Bc2 e5 10. a4 Rb8 11. axb5 axb5 12. Be3 d6 13. h3 Qe7 14. Na3 h6 15. Rfe1 d5
16. exd5 Nxd5 17. Bb3 Be6 18. Nd2 Na5 19. Bxd5 Bxd5 20. Nxb5 Rxb5 21. c4 Nb3 22.
Ra3 Nxd2 23. Qxd2 Rb4 24. cxd5 Rfb8 25. Qc2 Bf8 26. b3 Qd6 27. Bd2 Rd4 28. Bc3
Rxd5 29. Ra4 Bg7 30. Rae4 Rxd3 31. Bxe5 Bxe5 32. Rxe5 Rdxb3 33. Qxc5 Qxc5 34.
Rxc5 1/2-1/2

[Event "Yinzhou Cup CHN-USA Rapid"]
[Site "Ningbo CHN"]
[Date "2013.07.25"]
[Round "1.4"]
[White "Tan, Zhongyi"]
[Black "Melekhina, Alisa"]
[Result "1-0"]
[WhiteTitle "WGM"]
[BlackTitle "FM"]
[WhiteElo "2478"]
[BlackElo "2216"]
[WhiteTeam "CHN"]
[BlackTeam "USA"]
[WhiteFideId "8603642"]
[BlackFideId "2022613"]
[EventDate "2013.07.25"]

1. Nf3 g6 2. c4 Bg7 3. Nc3 c5 4. g3 Nc6 5. Bg2 e6 6. O-O Nge7 7. a3 O-O 8. Rb1
d5 9. d3 b6 10. Bf4 a6 11. Qd2 Bb7 12. Rfd1 Nd4 13. Nxd4 cxd4 14. Na2 Qd7 15. b3
Nf5 16. Qb4 b5 17. Rdc1 e5 18. Bd2 Rfe8 19. Qa5 dxc4 20. Bxb7 Qxb7 21. bxc4 e4
22. cxb5 axb5 23. Qxb5 Qxb5 24. Rxb5 exd3 25. exd3 Rxa3 26. Nb4 Rb3 27. Ra5 Rb2
28. Rc2 Rxc2 29. Nxc2 Bf6 30. Nb4 Kg7 31. Bf4 h5 32. Nd5 Re1+ 33. Kg2 Rd1 34.
Ra6 Bd8 35. Be5+ Kh7 36. Ra8 f6 37. Nxf6+ Bxf6 38. Bxf6 g5 39. Bxg5 Rxd3 40. Rf8
Nd6 41. Bf4 Ne4 42. Rd8 Rd1 43. Kf3 Nc3 44. Be5 Rd3+ 45. Kg2 Nb5 46. Rd5 Rb3 47.
Bxd4 Nxd4 48. Rxd4 Kg6 49. h3 Rb6 50. g4 Kh6 51. Rd5 hxg4 52. hxg4 Rb3 53. f3
Kg6 54. Kg3 Kf6 55. g5+ Kg6 56. Kg4 Rb1 57. Rd6+ Kg7 58. f4 Rb2 59. Rd7+ Kg8 60.
g6 Rb1 61. Kg5 Rb2 62. f5 Rb1 63. Rd8+ 1-0

[Event "Yinzhou Cup CHN-USA Rapid"]
[Site "Ningbo CHN"]
[Date "2013.07.25"]
[Round "1.5"]
[White "Guo, Qi"]
[Black "Ni, Viktorija"]
[Result "1-0"]
[WhiteTitle "WGM"]
[BlackTitle "WIM"]
[WhiteElo "2446"]
[BlackElo "2173"]
[WhiteTeam "CHN"]
[BlackTeam "USA"]
[WhiteFideId "8604002"]
[BlackFideId "11602252"]
[EventDate "2013.07.25"]

1. d4 Nf6 2. Nf3 g6 3. c4 Bg7 4. Nc3 d6 5. e4 O-O 6. Be2 Bg4 7. Be3 Nfd7 8. Ng1
Bxe2 9. Ngxe2 c5 10. dxc5 dxc5 11. O-O Nc6 12. f4 Nb6 13. b3 Nd4 14. e5 Ne6 15.
Qc2 f6 16. Rad1 Qe8 17. exf6 Rxf6 18. Qe4 Qc8 19. a4 a5 20. Rd3 Rf7 21. Rfd1 Rb8
22. Nb5 Ra8 23. Nec3 Qc6 24. Nd5 Kh8 25. g3 Raf8 26. Na7 Qd6 27. Nc3 Nd4 28.
Nab5 Nxb5 29. Nxb5 Qc6 30. Qxc6 bxc6 31. Na7 e5 32. Nxc6 exf4 33. gxf4 Rf5 34.
Rd8 Nc8 35. Rxf8+ Bxf8 36. Rd8 Nd6 37. Ne7 Rf7 38. Bxc5 Nb7 39. Bd4+ 1-0

[Event "Yinzhou Cup CHN-USA Rapid"]
[Site "Ningbo CHN"]
[Date "2013.07.25"]
[Round "2.1"]
[White "Robson, Ray"]
[Black "Zhou, Weiqi"]
[Result "1/2-1/2"]
[WhiteTitle "GM"]
[BlackTitle "GM"]
[WhiteElo "2628"]
[BlackElo "2616"]
[WhiteTeam "USA"]
[BlackTeam "CHN"]
[WhiteFideId "2023970"]
[BlackFideId "8601674"]
[EventDate "2013.07.25"]

1. e4 c6 2. d4 d5 3. e5 Bf5 4. Nf3 e6 5. Be2 Ne7 6. O-O c5 7. Na3 Nec6 8. c4
dxc4 9. Bg5 Be7 10. Bxe7 Qxe7 11. Nxc4 O-O 12. dxc5 Nd7 13. Qd6 Nxc5 14. Rfd1
Rad8 15. Qxe7 Nxe7 16. Nd6 b6 17. Rac1 a5 18. h3 h6 19. Nd4 Be4 1/2-1/2

[Event "Yinzhou Cup CHN-USA Rapid"]
[Site "Ningbo CHN"]
[Date "2013.07.25"]
[Round "2.3"]
[White "Kaidanov, Gregory S"]
[Black "Wen, Yang"]
[Result "1-0"]
[WhiteTitle "GM"]
[BlackTitle "GM"]
[WhiteElo "2577"]
[BlackElo "2593"]
[WhiteTeam "USA"]
[BlackTeam "CHN"]
[WhiteFideId "2008564"]
[BlackFideId "8602956"]
[EventDate "2013.07.25"]

1. e4 c5 2. c3 d6 3. d4 Nf6 4. Bd3 Nc6 5. Nf3 Bg4 6. d5 Bxf3 7. Qxf3 Ne5 8. Bb5+
Ned7 9. O-O g6 10. Bf4 Bg7 11. e5 dxe5 12. Bxe5 O-O 13. Bxd7 Nxd7 14. Bxg7 Kxg7
15. c4 Qb6 16. Nc3 Rae8 17. Rfe1 Nf6 18. b3 e6 19. Na4 Qc7 20. d6 Qxd6 21. Qxb7
Re7 22. Qf3 Rc8 23. Rad1 Qc7 24. Nc3 a6 25. Qe3 Rd7 26. Rxd7 Nxd7 27. Rd1 Nf6
28. h3 h6 29. Ne4 Nxe4 30. Qxe4 a5 31. Rd3 Rb8 32. Qe1 h5 33. Qd2 a4 1-0

[Event "Yinzhou Cup CHN-USA Rapid"]
[Site "Ningbo CHN"]
[Date "2013.07.25"]
[Round "2.1"]
[White "Abrahamyan, Tatev"]
[Black "Tan, Zhongyi"]
[Result "0-1"]
[WhiteTitle "WGM"]
[BlackTitle "WGM"]
[WhiteElo "2316"]
[BlackElo "2478"]
[WhiteTeam "USA"]
[BlackTeam "CHN"]
[WhiteFideId "13301918"]
[BlackFideId "8603642"]
[EventDate "2013.07.25"]

1. e4 d6 2. d4 g6 3. Nc3 Bg7 4. f4 a6 5. Nf3 b5 6. Bd3 Bb7 7. e5 Nh6 8. Be4 Bxe4
9. Nxe4 Nd7 10. Qe2 Nb6 11. Be3 Qd7 12. O-O-O Nd5 13. Bd2 b4 14. h4 Qb5 15. Rde1
Qxe2 16. Rxe2 Kd7 17. h5 Raf8 18. Rhe1 e6 19. Rh1 a5 20. Nf2 Nf5 21. Rh3 gxh5
22. Ne4 h4 23. c4 bxc3 24. bxc3 Bh6 0-1

[Event "Yinzhou Cup CHN-USA Rapid"]
[Site "Ningbo CHN"]
[Date "2013.07.25"]
[Round "2.2"]
[White "Ju, Wenjun"]
[Black "Foisor, Sabina-Francesca"]
[Result "1-0"]
[WhiteTitle "WGM"]
[BlackTitle "WGM"]
[WhiteElo "2531"]
[BlackElo "2281"]
[WhiteTeam "CHN"]
[BlackTeam "USA"]
[WhiteFideId "8603006"]
[BlackFideId "1212915"]
[EventDate "2013.07.25"]

1. Nf3 g6 2. d4 Bg7 3. c4 d6 4. Nc3 Nd7 5. e4 c6 6. Be2 a6 7. a4 Qc7 8. Be3 Ngf6
9. h3 O-O 10. O-O e5 11. dxe5 Nxe5 12. Nxe5 dxe5 13. a5 Be6 14. Qc2 Qe7 15. Na4
Nd7 16. Rad1 Rad8 17. Qb3 f5 18. Qxb7 f4 19. Bc5 Qg5 20. h4 Qxh4 21. Bxf8 Bxf8
22. Qxc6 Kf7 23. Rd3 Qe7 24. Qc7 Re8 25. Rfd1 Nf6 1-0

[Event "Yinzhou Cup CHN-USA Rapid"]
[Site "Ningbo CHN"]
[Date "2013.07.25"]
[Round "2.3"]
[White "Zenyuk, Iryna"]
[Black "Guo, Qi"]
[Result "1-0"]
[WhiteTitle "CM"]
[BlackTitle "WGM"]
[WhiteElo "2250"]
[BlackElo "2446"]
[WhiteTeam "USA"]
[BlackTeam "CHN"]
[WhiteFideId "2022966"]
[BlackFideId "8604002"]
[EventDate "2013.07.25"]

1. d4 e6 2. c4 Nf6 3. Nc3 Bb4 4. e3 O-O 5. Bd3 d5 6. Nf3 c5 7. O-O Nc6 8. a3
Bxc3 9. bxc3 Qc7 10. h3 dxc4 11. Bxc4 e5 12. Bb2 Bf5 13. Bb5 e4 14. Nd2 Ne7 15.
c4 a6 16. Ba4 Rfd8 17. Bc2 Ng6 18. d5 Ne5 19. f4 Ned7 20. g4 Bg6 21. Qe1 h6 22.
f5 Bh7 23. Nxe4 Nxe4 24. Bxe4 Re8 25. Bg2 Ne5 26. Qg3 Qd6 27. Bxe5 Rxe5 28. Rab1
b5 29. cxb5 axb5 30. Rxb5 Rae8 1-0

[Event "Yinzhou Cup CHN-USA Rapid"]
[Site "Ningbo CHN"]
[Date "2013.07.25"]
[Round "2.5"]
[White "Wang, Jue"]
[Black "Ni, Viktorija"]
[Result "1-0"]
[WhiteTitle "WGM"]
[BlackTitle "WIM"]
[WhiteElo "2399"]
[BlackElo "2173"]
[WhiteTeam "CHN"]
[BlackTeam "USA"]
[WhiteFideId "8604070"]
[BlackFideId "11602252"]
[EventDate "2013.07.25"]

1. e4 c5 2. Nf3 e6 3. d4 cxd4 4. Nxd4 a6 5. Bd3 Bc5 6. Nb3 Ba7 7. Qe2 Nc6 8. Be3
d6 9. N1d2 Nf6 10. O-O-O O-O 11. f4 Qc7 12. Bxa7 Rxa7 13. g4 e5 14. f5 a5 15. g5
Nd7 16. a4 Nb4 17. Nf3 Nb6 18. Bb5 Bd7 19. Bxd7 Qxd7 20. Nxe5 Qxa4 21. Rxd6 Rc8
22. Rhd1 Raa8 23. Qd2 Qe8 24. Qd4 1-0

[Event "Yinzhou Cup CHN-USA Rapid"]
[Site "Ningbo CHN"]
[Date "2013.07.25"]
[Round "3.1"]
[White "Wen, Yang"]
[Black "Robson, Ray"]
[Result "1/2-1/2"]
[WhiteTitle "GM"]
[BlackTitle "GM"]
[WhiteElo "2593"]
[BlackElo "2628"]
[WhiteTeam "CHN"]
[BlackTeam "USA"]
[WhiteFideId "8602956"]
[BlackFideId "2023970"]
[EventDate "2013.07.25"]

1. Nf3 c5 2. c4 Nc6 3. Nc3 g6 4. e3 Nf6 5. d4 cxd4 6. exd4 d5 7. cxd5 Nxd5 8.
Qb3 e6 9. Bg5 Be7 10. h4 O-O 11. Bb5 Bd7 12. Nxd5 exd5 13. O-O a6 14. Bxc6 Bxc6
15. Bxe7 Qxe7 16. Rfe1 Qd6 17. Ne5 Rfe8 18. Re3 Re7 19. h5 Rae8 20. hxg6 hxg6
21. Rae1 Kg7 22. Qd3 Bb5 23. Qd2 f6 24. Rh3 fxe5 25. Qh6+ Kf7 26. dxe5 Rxe5 27.
Qh7+ Kf6 28. Qh4+ Kf7 29. Qh7+ Kf6 30. Qh4+ Kf7 31. Qh7+ 1/2-1/2

[Event "Yinzhou Cup CHN-USA Rapid"]
[Site "Ningbo CHN"]
[Date "2013.07.25"]
[Round "3.4"]
[White "Lenderman, Aleksandr"]
[Black "Lu, Shanglei"]
[Result "1/2-1/2"]
[WhiteTitle "GM"]
[BlackTitle "GM"]
[WhiteElo "2548"]
[BlackElo "2536"]
[WhiteTeam "USA"]
[BlackTeam "CHN"]
[WhiteFideId "2021285"]
[BlackFideId "8603332"]
[EventDate "2013.07.25"]

1. Nf3 f5 2. d3 g6 3. e4 d6 4. exf5 Bxf5 5. d4 Bg7 6. Bd3 Qd7 7. O-O Nf6 8. Re1
Nc6 9. c4 Bg4 10. Be2 O-O 11. Nc3 Rae8 12. d5 Nd8 13. h3 Bxf3 14. Bxf3 e5 15.
Bg5 h6 16. Bd2 Nf7 17. Ne4 Qf5 18. Bg4 Nxg4 19. hxg4 Qd7 20. Be3 b6 21. f3 a5
22. a4 Qe7 23. Qd2 Kh7 24. Kf2 Rh8 25. Rh1 Kg8 26. Rh3 Rc8 27. b3 Kf8 28. b4
axb4 29. Qxb4 Bf6 30. Qd2 Kg7 31. Rah1 Bg5 32. Nxg5 hxg5 33. Rxh8 Rxh8 34. Rxh8
Kxh8 35. a5 bxa5 36. Qxa5 Qd8 37. Qa7 Qc8 38. c5 dxc5 39. Qxc5 Qd8 40. Bd2 Qd6
41. Qc4 Qb6+ 42. Be3 Qb7 43. Ke2 Kg7 44. Qd3 Kf6 45. Qd2 Qb5+ 46. Kf2 Qc4 47.
Kg3 Qb3 48. Kh2 Qc4 49. Kh3 Qb3 50. Kg3 Qc4 51. Qa5 Nd6 52. Qa8 Nf7 53. Qc8 Qxd5
54. Qxc7 e4 55. Qb6+ Qd6+ 56. Qxd6+ Nxd6 57. Bc5 Nc4 58. Bd4+ Ke6 59. fxe4 Nd2 1/2-1/2

[Event "Yinzhou Cup CHN-USA Rapid"]
[Site "Ningbo CHN"]
[Date "2013.07.25"]
[Round "3.1"]
[White "Guo, Qi"]
[Black "Abrahamyan, Tatev"]
[Result "1-0"]
[WhiteTitle "WGM"]
[BlackTitle "WGM"]
[WhiteElo "2446"]
[BlackElo "2316"]
[WhiteTeam "CHN"]
[BlackTeam "USA"]
[WhiteFideId "8604002"]
[BlackFideId "13301918"]
[EventDate "2013.07.25"]

1. d4 Nf6 2. Nf3 g6 3. c4 Bg7 4. Nc3 O-O 5. e4 d6 6. Be2 e5 7. O-O Nc6 8. d5 Ne7
9. Ne1 Nd7 10. Nd3 f5 11. f3 Nf6 12. Bd2 f4 13. Rc1 g5 14. c5 h5 15. Nb5 Ne8 16.
Ba5 b6 17. cxd6 cxd6 18. Be1 a6 19. Nc3 Nf6 20. Nb4 g4 21. Nc6 Qe8 22. Na4 gxf3
23. Bxf3 Bg4 24. Nxb6 Rb8 25. Nxb8 Qxb8 26. Qb3 Kh8 27. Nc4 Qe8 28. Nxd6 Qg6 29.
Kh1 Rg8 30. Bh4 Bf8 31. Qc3 Nexd5 32. exd5 Bxd6 33. Bxf6+ Qxf6 34. Qd3 h4 35.
Bxg4 Rxg4 36. Rc8+ Kg7 37. Rc6 Rg6 38. Qh3 e4 39. Qc3 Qxc3 40. bxc3 h3 41. gxh3
e3 42. Rg1 Rxg1+ 43. Kxg1 Be5 44. Re6 Bxc3 45. Kg2 1-0

[Event "Yinzhou Cup CHN-USA Rapid"]
[Site "Ningbo CHN"]
[Date "2013.07.25"]
[Round "3.2"]
[White "Tan, Zhongyi"]
[Black "Foisor, Sabina-Francesca"]
[Result "1-0"]
[WhiteTitle "WGM"]
[BlackTitle "WGM"]
[WhiteElo "2478"]
[BlackElo "2281"]
[WhiteTeam "CHN"]
[BlackTeam "USA"]
[WhiteFideId "8603642"]
[BlackFideId "1212915"]
[EventDate "2013.07.25"]

1. d4 d5 2. c4 e6 3. g3 c6 4. Bg2 f5 5. Nh3 Nf6 6. O-O Bd6 7. Bf4 O-O 8. Nd2 b6
9. Rc1 Bb7 10. Nf3 Bxf4 11. Nxf4 Qe7 12. Qb3 Ne4 13. Rc2 Nd7 14. cxd5 exd5 15.
Rfc1 Kh8 16. e3 Rad8 17. Nd3 Ba8 18. Qb4 Qxb4 19. Nxb4 c5 20. dxc5 bxc5 21. Nd3
Rfe8 22. h4 g6 23. Nf4 c4 24. Ng5 Nxg5 25. hxg5 Nb6 26. Rd2 Rd6 27. b3 Red8 28.
bxc4 Nxc4 29. Rd4 Kg7 30. Nxd5 Bxd5 31. Bxd5 Rxd5 32. Rcxc4 R5d7 33. Ra4 h6 34.
gxh6+ Kxh6 35. Rxd7 Rxd7 36. Kg2 Kg5 37. Ra6 Kh5 38. Kf3 Kg5 39. Ra5 Kf6 40. g4
Re7 41. Kg3 Rc7 42. Ra6+ Kg7 43. gxf5 gxf5 44. Kf4 Rf7 45. Kg5 f4 46. exf4 Rb7
47. f5 Rc7 48. f4 Rb7 49. f6+ Kf7 50. f5 Kg8 51. Ra5 Kf7 52. Re5 Kf8 53. Re7
Rxe7 54. fxe7+ Kxe7 55. Kg6 Kf8 56. Kf6 a6 57. a3 a5 58. a4 Ke8 59. Kg7 1-0

[Event "Yinzhou Cup CHN-USA Rapid"]
[Site "Ningbo CHN"]
[Date "2013.07.25"]
[Round "3.3"]
[White "Zenyuk, Iryna"]
[Black "Ju, Wenjun"]
[Result "0-1"]
[WhiteTitle "CM"]
[BlackTitle "WGM"]
[WhiteElo "2250"]
[BlackElo "2531"]
[WhiteTeam "USA"]
[BlackTeam "CHN"]
[WhiteFideId "2022966"]
[BlackFideId "8603006"]
[EventDate "2013.07.25"]

1. d4 d6 2. Nf3 Nf6 3. c4 g6 4. Nc3 Bg7 5. e4 O-O 6. Be2 e5 7. O-O Na6 8. Be3
Ng4 9. Bg5 Qe8 10. dxe5 dxe5 11. h3 f6 12. Bd2 Nh6 13. Be3 c6 14. c5 Nf7 15. Nd2
f5 16. f3 Qe7 17. Qc1 Nc7 18. Rd1 Ne6 19. b4 f4 20. Bf2 Nd4 21. Bc4 a5 22. Na4
Be6 23. Nb6 Rad8 24. Nb3 axb4 25. Kh1 g5 26. Rb1 Nxb3 27. Rxb3 h5 28. Rbd3 Rxd3
29. Rxd3 g4 30. fxg4 hxg4 31. Bxe6 Qxe6 32. Qc4 Qxc4 33. Nxc4 g3 34. Be1 Ra8 35.
Bxb4 Rxa2 36. Bc3 Rc2 37. Nb2 Ng5 38. Nd1 Nxe4 0-1

[Event "Yinzhou Cup CHN-USA Rapid"]
[Site "Ningbo CHN"]
[Date "2013.07.25"]
[Round "3.5"]
[White "Ni, Viktorija"]
[Black "Ding, Yixin"]
[Result "0-1"]
[WhiteTitle "WIM"]
[BlackTitle "WGM"]
[WhiteElo "2173"]
[BlackElo "2432"]
[WhiteTeam "USA"]
[BlackTeam "CHN"]
[WhiteFideId "11602252"]
[BlackFideId "8602972"]
[EventDate "2013.07.25"]

1. d4 Nf6 2. c4 g6 3. Nc3 d5 4. cxd5 Nxd5 5. Bd2 Bg7 6. e4 Nb6 7. Be3 O-O 8. Bb5
f5 9. Nge2 a6 10. Bd3 Nc6 11. e5 Kh8 12. h4 Nb4 13. h5 g5 14. Bxg5 Bxe5 15. dxe5
Nxd3+ 16. Kf1 Nc4 17. Nf4 Nxf4 18. Bxf4 Qxd1+ 19. Nxd1 Be6 20. b3 Nb6 21. Ne3
Kg7 22. Rc1 c6 23. Rh4 a5 24. Bg5 Kf7 25. Bh6 Rg8 26. Rf4 Nd5 27. Nxd5 Bxd5 28.
Rxf5+ Ke6 29. Rg5 Rxg5 30. Bxg5 Rg8 31. f4 h6 32. Bxh6 Rxg2 33. Rc5 Rxa2 34. Bg7
b6 35. Rc3 Rh2 36. h6 Kf5 37. Bf8 Kxf4 38. Bxe7 Rxh6 39. Bd6 Ke4 40. Bc7 c5 41.
Rg3 Kd4 42. Bd6 b5 43. Rg4+ Kc3 44. Bxc5 Bxb3 45. Bd4+ Kc2 46. Bc5 Bc4+ 47. Kf2
Kc3 48. Rg3+ Bd3 49. Be3 Re6 50. Rg4 b4 51. Bd4+ Kb3 52. Ke3 Bb1 53. Rg2 Kc4 54.
Rg1 Bf5 55. Rc1+ Kb3 56. Rc5 a4 57. Rb5 Kc4 58. Rc5+ Kb3 59. Rb5 Ra6 60. Kf4 Bc2
61. Rb8 Kc4 62. Ke3 Bf5 63. Rb7 a3 64. Rc7+ Kb3 65. Rb7 a2 66. Kf4 Be6 67. Re7
Kc2 68. Ke3 Kb1 69. Kd2 a1=Q 0-1

[Event "Yinzhou Cup CHN-USA Rapid"]
[Site "Ningbo CHN"]
[Date "2013.07.25"]
[Round "4.1"]
[White "Xiu, Deshun"]
[Black "Robson, Ray"]
[Result "1/2-1/2"]
[WhiteTitle "GM"]
[BlackTitle "GM"]
[WhiteElo "2556"]
[BlackElo "2628"]
[WhiteTeam "CHN"]
[BlackTeam "USA"]
[WhiteFideId "8603693"]
[BlackFideId "2023970"]
[EventDate "2013.07.25"]

1. Nf3 Nf6 2. c4 g6 3. g3 Bg7 4. Bg2 d5 5. cxd5 Nxd5 6. O-O c5 7. d4 cxd4 8.
Nxd4 O-O 9. Nb5 Be6 10. Nd4 Bc8 11. Nc3 Nxc3 12. bxc3 Nc6 13. Nxc6 bxc6 14. Qa4
Bxc3 15. Rb1 Bf5 16. Rb7 Qa5 17. Qxa5 Bxa5 18. Bxc6 Rac8 19. Bf3 Bh3 20. Bg2
Bxg2 21. Kxg2 Rc7 22. Rxc7 Bxc7 23. Bh6 Rd8 24. Rc1 Bb6 25. Rc3 f6 26. Be3 Kf7
27. Bxb6 axb6 28. Rb3 Rd2 29. e3 Rxa2 30. Rxb6 1/2-1/2

[Event "Yinzhou Cup CHN-USA Rapid"]
[Site "Ningbo CHN"]
[Date "2013.07.25"]
[Round "4.2"]
[White "Shankland, Samuel L"]
[Black "Wen, Yang"]
[Result "1/2-1/2"]
[WhiteTitle "GM"]
[BlackTitle "GM"]
[WhiteElo "2599"]
[BlackElo "2593"]
[WhiteTeam "USA"]
[BlackTeam "CHN"]
[WhiteFideId "2004887"]
[BlackFideId "8602956"]
[EventDate "2013.07.25"]

1. d4 d6 2. Nf3 g6 3. c4 Bg7 4. Nc3 Nd7 5. e4 e5 6. Be2 Ne7 7. O-O O-O 8. Be3
Nc6 9. Rc1 f5 10. Bg5 Bf6 11. Bxf6 Nxf6 12. dxe5 dxe5 13. exf5 gxf5 14. Nd5 Kh8
15. Qd2 Qd7 16. Rfd1 Qg7 17. Qg5 Ne8 18. Qxg7+ Kxg7 19. b4 e4 20. Ng5 h6 21. Nh3
Be6 22. Nhf4 Bf7 23. b5 Ne5 24. Ne3 Kf6 25. Bh5 Nd3 26. Bxf7 Nxf4 27. Nd5+ Nxd5
28. Bxd5 Rb8 29. f3 Ke5 30. g3 Nd6 31. a4 exf3 32. Bxf3 Kf6 33. c5 Nf7 34. Bg2
Ne5 35. a5 Rfe8 36. Rc2 Re7 37. Bh3 Nf3+ 38. Kf1 Rbe8 39. Rf2 Re1+ 40. Rxe1
Rxe1+ 41. Kg2 Nd4 42. Bxf5 Nxf5 43. g4 Re5 44. Rxf5+ Rxf5 45. gxf5 Kxf5 46. Kg3
Ke5 47. Kg4 Kd5 48. b6 cxb6 49. axb6 axb6 50. cxb6 Kc5 51. Kh5 Kxb6 52. Kxh6 1/2-1/2

[Event "Yinzhou Cup CHN-USA Rapid"]
[Site "Ningbo CHN"]
[Date "2013.07.25"]
[Round "4.3"]
[White "Lu, Shanglei"]
[Black "Kaidanov, Gregory S"]
[Result "1-0"]
[WhiteTitle "GM"]
[BlackTitle "GM"]
[WhiteElo "2536"]
[BlackElo "2577"]
[WhiteTeam "CHN"]
[BlackTeam "USA"]
[WhiteFideId "8603332"]
[BlackFideId "2008564"]
[EventDate "2013.07.25"]

1. e4 e5 2. Nf3 Nc6 3. Bb5 a6 4. Bxc6 dxc6 5. O-O Qf6 6. d3 Bg4 7. Be3 Bxf3 8.
Qxf3 Qxf3 9. gxf3 Bd6 10. Nd2 Ne7 11. Rfb1 Ng6 12. b4 O-O 13. Kf1 f5 14. a4 Rf7
15. Nc4 Nf8 16. Na5 Rb8 17. b5 cxb5 18. axb5 axb5 19. Rxb5 b6 20. Nc4 Nd7 21.
Ra7 fxe4 22. fxe4 Nc5 23. Ke2 Rf6 24. h4 Rf7 25. h5 Rf6 26. f3 Rbf8 27. Nxd6
cxd6 28. Rxb6 Rxf3 29. Rxd6 Rh3 30. Bxc5 Rh2+ 31. Ke1 Rxc2 32. Rdd7 1-0